000 00275nam a22001337a 4500
008 170411b xxu||||| |||| 00| 0 eng d
020 _a181499
041 _aeng
080 _a612.39
100 _a9
101 _aSHM
245 _aNUTRITION
_cTHOMPSON, J
942 _2udc
_cBK
999 _c10345
_d10345